[Event "Petroupoli ASOP Dias Seniors op"]
[Site "Petroupoli"]
[Date "2013.10.05"]
[Round "2.15"]
[White "Pavlis, Antonios"]
[Black "Oikonomou, Hristos"]
[Result "1-0"]
[WhiteElo "1740"]
[BlackElo "1494"]
[PlyCount "43"]
[EventDate "2013.09.28"]
[EventType "swiss"]
[EventRounds "7"]
[EventCountry "GRE"]
[SourceTitle "EXT 2024"]
[Source "ChessBase"]
[SourceDate "2023.10.10"]
[SourceVersion "1"]
[SourceVersionDate "2023.10.10"]
[SourceQuality "1"]

1. d4 d5 2. Bf4 Bf5 3. e3 e6 4. Nd2 Nf6 5. Ngf3 Be7 6. c4 c6 7. Qb3 Qb6 8. c5 Qxb3 9. axb3 Nbd7 10. h3 a6 11. b4 0-0 12. Be2 Ne4 13. 0-0 Nxd2 14. Nxd2 Nf6 15. Nb3 Rfd8 16. Rfc1 Bg6 17. Na5 Rd7 18. b5 axb5 19. Nxc6 Rxa1 20. Nxe7+ Rxe7 21. Rxa1 b4 22. Bb5 1-0

[Event "Petroupoli ASOP Dias Seniors op"]
[Site "Petroupoli"]
[Date "2012.11.24"]
[Round "4.5"]
[White "Kampitsis, Vasilios"]
[Black "Oikonomou, Hristos"]
[Result "1-0"]
[WhiteElo "1765"]
[BlackElo "1488"]
[PlyCount "59"]
[EventDate "2012.11.03"]
[EventType "swiss"]
[EventRounds "7"]
[EventCountry "GRE"]
[SourceTitle "EXT 2024"]
[Source "ChessBase"]
[SourceDate "2023.10.10"]
[SourceVersion "1"]
[SourceVersionDate "2023.10.10"]
[SourceQuality "1"]

1. c4 e5 2. Nc3 Nf6 3. Nf3 Nc6 4. g3 Bb4 5. Nd5 Bc5 6. Bg2 d6 7. 0-0 0-0 8. d3 Nxd5 9. cxd5 Nd4 10. Be3 a5 11. Rc1 Bg4 12. Bxd4 exd4 13. Nd2 Re8 14. Re1 Qg5 15. Ne4 Qe7 16. Nxc5 dxc5 17. Qc2 Qd6 18. h3 Bh5 19. g4 Bg6 20. Qxc5 Qxc5 21. Rxc5 Bxd3 22. Rxc7 Bxe2 23. Rc2 d3 24. Rd2 Rac8 25. Bf1 Rc2 26. Rxd3 Kf8 27. Rxe2 Rcxe2 28. Bxe2 Rxe2 29. d6 Rxb2 30. d7 1-0

[Event "Petroupoli op 5th"]
[Site "Petroupoli"]
[Date "2012.09.15"]
[Round "3"]
[White "Oikonomou, Hristos"]
[Black "Foutouhos, Dimitrios"]
[Result "1/2-1/2"]
[WhiteElo "1514"]
[BlackElo "1386"]
[PlyCount "38"]
[EventDate "2012.09.08"]
[EventType "swiss"]
[EventRounds "7"]
[EventCountry "GRE"]
[SourceTitle "CBM 150 Extra"]
[Source "ChessBase"]
[SourceDate "2012.10.19"]
[SourceVersion "1"]
[SourceVersionDate "2012.10.19"]
[SourceQuality "1"]

1. e4 c5 2. Nf3 Nc6 3. d4 cxd4 4. Nxd4 e6 5. Nc3 a6 6. g4 h6 7. Bf4 Be7 8. Qd2 Bg5 9. Bxg5 Qxg5 10. Qxg5 hxg5 11. Nf3 f6 12. 0-0-0 Nh6 13. h3 Nxg4 14. Rd2 Nge5 15. Nxe5 Nxe5 16. Be2 g4 17. h4 Ke7 18. Nd1 b5 19. Ne3 Bb7 1/2-1/2

[Event "Petroupoli op 4th"]
[Site "Petroupoli"]
[Date "2012.05.02"]
[Round "2"]
[White "Kefalas, Spyridon"]
[Black "Oikonomou, Hristos"]
[Result "1-0"]
[WhiteElo "1930"]
[BlackElo "1566"]
[PlyCount "41"]
[EventDate "2012.04.28"]
[EventType "swiss"]
[EventRounds "7"]
[EventCountry "GRE"]
[SourceTitle "CBM 148 Extra"]
[Source "ChessBase"]
[SourceDate "2012.06.22"]
[SourceVersion "1"]
[SourceVersionDate "2012.06.22"]
[SourceQuality "1"]

1. c4 c5 2. Nc3 d6 3. g3 Nf6 4. Bg2 Nc6 5. e3 e6 6. d4 cxd4 7. exd4 d5 8. c5 b6 9. b4 Bd7 10. b5 Nxd4 11. Qxd4 Bxc5 12. Qd3 Ng4 13. Be3 Nxe3 14. fxe3 Qf6 15. Nf3 Bb4 16. Nd4 Rc8 17. Rc1 e5 18. Rf1 Qg5 19. Nc6 d4 20. Nxb4 dxe3 21. Nc6 1-0

[Event "Petroupoli op 3rd"]
[Site "Petroupoli"]
[Date "2012.03.24"]
[Round "5"]
[White "Oikonomou, Hristos"]
[Black "Grigoriadis, Mihail"]
[Result "0-1"]
[WhiteElo "1570"]
[BlackElo "1808"]
[PlyCount "60"]
[EventDate "2012.03.10"]
[EventType "swiss"]
[EventRounds "7"]
[EventCountry "GRE"]
[SourceTitle "CBM 147 Extra"]
[Source "ChessBase"]
[SourceDate "2012.04.24"]
[SourceVersion "1"]
[SourceVersionDate "2012.04.24"]
[SourceQuality "1"]

1. e4 c5 2. Nf3 d6 3. d4 cxd4 4. Nxd4 Nf6 5. Nc3 a6 6. g4 e5 7. Nf5 g6 8. Ne3 h5 9. g5 Nfd7 10. Ned5 Bg7 11. h4 0-0 12. Be3 Nc6 13. Qd2 b5 14. a3 Rb8 15. Nb4 Nd4 16. 0-0-0 a5 17. Nbd5 b4 18. axb4 axb4 19. Bxd4 exd4 20. Nb5 Qa5 21. Qxb4 Qxb4 22. Nxb4 Nc5 23. Nc6 Rb6 24. Ncxd4 Nxe4 25. Rh2 Bd7 26. Na3 Ra6 27. Rd3 Be5 28. Rg2 Nc5 29. Rd1 Bf4+ 30. Kb1 Rxa3 0-1

[Event "Petroupoli op 3rd"]
[Site "Petroupoli"]
[Date "2012.03.10"]
[Round "1"]
[White "Oikonomou, Hristos"]
[Black "Kymionis, Konstantinos"]
[Result "0-1"]
[WhiteElo "1570"]
[BlackElo "1985"]
[PlyCount "42"]
[EventDate "2012.03.10"]
[EventType "swiss"]
[EventRounds "7"]
[EventCountry "GRE"]
[SourceTitle "CBM 147 Extra"]
[Source "ChessBase"]
[SourceDate "2012.04.24"]
[SourceVersion "1"]
[SourceVersionDate "2012.04.24"]
[SourceQuality "1"]

1. e4 c5 2. Nf3 e6 3. d4 cxd4 4. Nxd4 a6 5. Nc3 b5 6. a3 Bb7 7. Bd3 d6 8. Be3 Nf6 9. g4 h5 10. f3 hxg4 11. fxg4 e5 12. Nf5 g6 13. Ng3 Qa5 14. Bd2 Qb6 15. Qf3 Nbd7 16. Rf1 Rh7 17. Bg5 Be7 18. h4 Rc8 19. h5 Nxh5 20. Bxe7 Nxg3 21. Bxd6 Nxf1 0-1

[Event "Petroupoli ASOP Dias op 2nd"]
[Site "Petroupoli"]
[Date "2012.02.15"]
[Round "2.1"]
[White "Oikonomou, Hristos"]
[Black "Zaharias, Aggelos"]
[Result "1-0"]
[WhiteElo "1566"]
[BlackElo "1010"]
[PlyCount "57"]
[EventDate "2012.02.11"]
[EventType "swiss"]
[EventRounds "7"]
[EventCountry "GRE"]
[SourceTitle "EXT 2024"]
[Source "ChessBase"]
[SourceDate "2023.10.10"]
[SourceVersion "1"]
[SourceVersionDate "2023.10.10"]
[SourceQuality "1"]

1. e4 e5 2. Nf3 Nc6 3. Bc4 Bc5 4. c3 b6 5. d4 exd4 6. cxd4 Bb4+ 7. Nc3 Bb7 8. d5 Na5 9. Bd3 Qf6 10. Bd2 c6 11. e5 Qe7 12. d6 Bxd6 13. 0-0 Bc7 14. b4 Qxb4 15. Nd5 Qa3 16. Nxc7+ Kd8 17. Nxa8 Qxd3 18. Bg5+ f6 19. Bxf6+ gxf6 20. Qxd3 Bxa8 21. Rad1 d5 22. exd6 Bb7 23. Rfe1 Nh6 24. d7 c5 25. Re8+ Rxe8 26. dxe8R+ Kxe8 27. Qd7+ Kf8 28. Qxh7 Nf7 29. Rd7 1-0

[Event "Petroupoli op"]
[Site "Petroupoli"]
[Date "2012.01.18"]
[Round "2"]
[White "Oikonomou, Hristos"]
[Black "Anairousis, Panagiotis"]
[Result "1/2-1/2"]
[WhiteElo "1566"]
[BlackElo "1954"]
[PlyCount "62"]
[EventDate "2012.01.14"]
[EventType "swiss"]
[EventRounds "7"]
[EventCountry "GRE"]
[SourceTitle "EXT 2013"]
[Source "ChessBase"]
[SourceDate "2012.11.22"]
[SourceVersion "1"]
[SourceVersionDate "2012.11.22"]
[SourceQuality "1"]

1. e4 e5 2. Nf3 Nc6 3. Bc4 Bc5 4. c3 Nf6 5. d4 exd4 6. cxd4 Bb4+ 7. Nc3 Nxe4 8. 0-0 Bxc3 9. d5 Bf6 10. Re1 0-0 11. Rxe4 Na5 12. Bd3 d6 13. Ra4 c5 14. Bd2 b6 15. Qc2 g6 16. Rd1 Bd7 17. Rf4 Bg7 18. Rh4 c4 19. Bxc4 Nxc4 20. Qxc4 Rc8 21. Qb4 Bf6 22. Rf4 Bf5 23. Nd4 Bc2 24. Rc1 Bxd4 25. Qxd4 g5 26. Rf3 f6 27. Bc3 Bg6 28. Re1 Rc7 29. Rxf6 Rxf6 30. Qxf6 Qxf6 31. Bxf6 Bf7 1/2-1/2